Three Degrees of Separation - Côte d'Ivoire Quiz Stats

 Plays Quiz not verified by Sporcle

Score 0/6 Timer 02:00
0 Plays Today
Answer % Correct
Nigeria
90.8%
Chad
87.7%
Libya
80%
Morocco
80%
The Gambia
77.7%
Tunisia
73.8%

You're not logged in!

Compare scores with friends on all Sporcle quizzes.
OR
Log In

Sporcle TV

Today on Sporcle TV


Watch our educational content, quiz creation guides, and fun videos on Sporcle TV.

Show Comments

Extras

Top Quizzes Today


Score Distribution

Your Account Isn't Verified!

In order to create a playlist on Sporcle, you need to verify the email address you used during registration. Go to your Sporcle Settings to finish the process.

Report this User

Report this user for behavior that violates our Community Guidelines.

Details: